000 00867naa a2200253 u 4500
001 06591
003 HDC
007 cr bn|---aauu|
008 210124e2008 xx | a z000 s eng d
040 _aHDC
100 _aTUN DR MAHATHIR BIN MOHAMAD
_96985
245 0 _aTimor Leste-Malaysia Business Dialogue /
_cby TUN DR MAHATHIR BIN MOHAMAD
260 _aTimor Leste :
_b[publisher not identified],
_c2003
300 _a7 pages
336 _atext
_2rdacontent
337 _acomputer
_2rdamedia
338 _aonline resource
_2rdacarrier
650 _aBusiness Dialogue
_97005
650 _aBusiness industry
_96119
650 _aDiplomatic relations
_96939
856 _zRequest full-text at [email protected]
942 _2lcc
942 _cSPE
999 _c3915
_d3915